| 000 | 00550nam a2200169Ia 4500 | ||
|---|---|---|---|
| 001 | IA_287 p. | ||
| 008 | 220117s xx 000 0 und d | ||
| 010 | _a184540 | ||
| 440 |
_aLíderes del management _9157240 |
||
| 500 | _aTítulo original: The agenda: what every business must do dominate the decade | ||
| 503 | _aI. 253778 \ I. 253779 | ||
| 590 | _aHD58.8 H36 2006 | ||
| 650 |
_aCambio organizacional _9131520 |
||
| 650 |
_aEfectividad organizacional _9130922 |
||
| 650 |
_aSatisfacción del consumidor _9157241 |
||
| 700 |
_aOrbegozo _9157242 |
||
| 999 |
_c184540 _d184540 |
||